| 000 | 00505nam a2200169Ia 4500 | ||
|---|---|---|---|
| 003 | IN-BaIIA | ||
| 008 | 211028s9999 xx s 000 0 eng d | ||
| 020 | _a9780819430373 (Print) | ||
| 020 | _a9781510637122 (Online) | ||
| 040 | _cIIA Library | ||
| 100 |
_aDougherty, Edward _940880 |
||
| 245 | 0 |
_aElectronic Imaging Technology _h[eBook] |
|
| 260 |
_aWashington, USA _bSPIE _c1999 |
||
| 300 | _aOnline resource | ||
| 856 |
_uhttps://doi.org/10.1117/3.2570046 _yClick Here to Access eBook |
||
| 942 | _cEB | ||
| 999 |
_c22176 _d22176 |
||